Experiências simples sobre o voo e o espaço com materiais disponíveis (Registo nº 608)

Detalhes MARC
000 -Etiqueta do registo
Cabeçalho 01000nam a2200301 4500
005 - Identificador da versão
Campo de controlo 20240813121807.0
010 ## - Número internacional normalizado dos livros (ISBN)
Número (ISBN) 9722510878
035 ## - Other System Control Numbers
System Control Number 0000635
System Control Number 0000631
System Control Number 0000631
System Control Number 0000619
100 ## - Dados gerais de processamento
Dados gerais de processamento 20010305d1999 de y0pory5003 ba
102 ## - Pais de publicação ou produção
País de publicação Portugal
101 1# - Língua de publicação
Língua do texto, banda sonora, etc. Português
Língua do documento no original Inglês
215 ## - Descrição física 
Indicação específica da natureza do documento e extensão da espécie 130 p.
Outras indicações físicas il.
Dimensões 21 cm
200 1# - Titulo e menção de responsabilidade
Título próprio Experiências simples sobre o voo e o espaço com materiais disponíveis
Primeira menção de responsabilidade Louis V. Loeschnig
Outras menções de responsabilidade il. Frances Zweifel
-- trad. Maria da Graça Crespo e Fernando Nascimento
210 ## - Publicação, Distribuição, etc. 
Lugar da edição, distribuição, etc. Venda Nova
Nome do editor, distribuidor, etc. Bertrand
Data da publicação, distribuição, etc. 1999
304 ## - Notas relativas a título e menção de responsabilidade 
Texto da nota Tít. orig.: Simple sample and flight experiments with everyday materials
675 ## - Classificação Decimal Universal (CDU)
Notação 52(076.5)
Edição BN
Língua da edição por
Notação 629.73(076.5)
Edição BN
Língua da edição por
702 ## - Nome de autor-pessoa física (responsabilidade secundária)
Número de registo de entrada de autoridade 0000738
Palavra de ordem Zweifel
Outra parte do nome não tomada para palavra de ordem Frances
Código de função Ilustrador / Técnico de desenho computorizado
Número de registo de entrada de autoridade 0000739
Palavra de ordem Crespo
Outra parte do nome não tomada para palavra de ordem Maria da Graça
Código de função Tradutor
Número de registo de entrada de autoridade 0000740
Palavra de ordem Nascimento
Outra parte do nome não tomada para palavra de ordem Fernando
Código de função Tradutor
700 ## - Nome de autor-pessoa física (responsabilidade principal)
Número de registo de entrada de autoridade 0000737
Palavra de ordem Loeschnig
Outra parte do nome não tomada para palavra de ordem Louis V.
942 ## - Elementos de entrada adicionados (Koha)
Tipo de item no Koha Livro
Exemplares
Situação do levantamento Origin of item (home branch) (coded) Biblioteca de empréstimo Código de barras Circulation type (not for loan) Tipo de documento Nota do exemplar Damaged status
  Biblioteca Escolar Eng. Nuno Mergulhão Biblioteca Escolar Eng. Nuno Mergulhão BENM48   Livro Sem mensagem